00695 2200241 4500001002100000005001700021008004100038020001800079035002400097090001600121245006200137250001100199260002800210300002900238440003400267500004300301650002200344711003600366850001500402980001500417985000600432999001500438YOGYA-0209000003574120090227025039.0 ind  a979-410-304-7 0010-020900000035741 a694bPenlT aPenghalus kayucpenyadur, Dewan Redaksi Penerbit Bhratara aCet. 2 aJakartabBhratarac1994 aiii, 31 hlmbilusc21 cm aSeri teknologi kayu bergambar aJudul asli : International educational aKayuxPertukangan aDewan Redaksi Penerbit Bhratara aYOPDYOG(B) a10-10-2006 a1 a99P0001046